00766nam a2200217 i 450000100060000000300090000600500170001500700030003200800410003510000260007624500940010225000150019626000550021130000220026649000180028870000450030683000260035185200320037799900170040995201220042640869ES-MaACL20250829112149.0t|030307s1972 sp ||||1| spa d1 aCarles, Jules.93526413aLa química del vino / cpor Jules Carles ; [traducción de M. del Carmen de la Torre]. a[1ª ed.]. aVilassar de Mar, Barcelona : bOikos-Tau, c[1972] a122 p. ; c18 cm.1 a¿Qué sé?1 aTorre, María del Carmen de la.91107510 a¿Qué sé?9181382 aES-MaACLjC-53187 bR.84014 c40869d40869 00104070aATENEOMbATENEOMcDEPO2d2008-01-17eSCl0oC-53187p1043021r2023-02-23 00:00:00w2023-02-23yMONOGRAFIA